Valorant Champions Tour (VCT) - Internationals Winners - Statistics

General Stats
  • This quiz has been taken 519 times
    56 since last reset
  • The average score is 65 of 96
Answer Stats
Event / Team Answer % Correct
Stage 2 Masters - Reykjavík Sentinels
90%
Masters Madrid Sentinels
90%
Sentinels TenZ
90%
Sentinels TenZ
90%
LOCK//IN São Paulo Fnatic
85%
Masters Tokyo Fnatic
85%
Masters Shanghai Gen.G
85%
NRG s0m
85%
Masters Bangkok T1
85%
Gambit Chronicle
83%
Fnatic Chronicle
83%
Fnatic Chronicle
83%
Champions Istanbul LOUD
83%
Champions Paris NRG
83%
Masters Toronto Paper Rex
83%
PRX something
83%
Fnatic Alfajer
80%
Fnatic Alfajer
80%
Champions Seoul EDward Gaming
80%
Champions Los Angeles Evil Geniuses
80%
PRX f0rsakeN
80%
Fnatic Boaster
78%
Fnatic Boaster
78%
NRG brawk
78%
EG Ethan
78%
NRG Ethan
78%
Stage 3 Masters - Berlin Gambit Esports
78%
Sentinels johnqt
78%
Masters Santiago Nongshim RedForce
78%
Champions Berlin Acend
75%
LOUD aspas
75%
EG Demon1
75%
Fnatic Derke
75%
Fnatic Derke
75%
PRX Jinggg
75%
NRG mada
75%
Gambit nAts
75%
PRX d4v41
73%
NS Dambi
73%
Stage 2 Masters - Copenhagen FunPlus Phoenix
73%
EG jawgemo
73%
Fnatic Leo
73%
Fnatic Leo
73%
Stage 1 Masters - Reykjavík OpTic Gaming
73%
LOUD Sacy
73%
Sentinels Sacy
73%
Sentinels zekken
73%
Sentinels Zellsis
73%
LOUD Saadhak
70%
Optic FNS
68%
LOUD Less
68%
Sentinels ShahZaM
68%
NRG skuba
68%
Gen.G t3xture
68%
Optic yay
68%
EG Boostio
65%
Acend cNed
65%
Gen.G Meteor
65%
T1 Meteor
65%
LOUD pANcada
65%
FPX ardiis
63%
EG C0M
63%
Optic crashies
63%
Optic Marved
63%
PRX PatMen
63%
EDG ZmjjKK
63%
FPX Shao
60%
T1 stax
60%
Optic Victor
60%
Sentinels zombs
60%
T1 BuZz
58%
Acend starxo
58%
FPX ANGE1
55%
Gen.G Lakia
55%
Gen.G Munchkin
55%
NS Rb
55%
Gambit Sheydos
55%
Sentinels SicK
55%
FPX SUYGETSU
55%
EDG CHICHOO
53%
Sentinels dapr
53%
EDG S1Mon
53%
EDG nobody
50%
Gambit d3ffo
48%
NS Francis
48%
NS Ivy
48%
NS Xross
48%
T1 iZu
45%
EDG Smoggy
45%
FPX Zyppan
45%
Acend BONECOLD
43%
Gen.G Karon
43%
Gambit Redgar
43%
T1 Sylvan
43%
Acend zeek
40%
Acend Kiles
33%
No matching quizzes found
Score Distribution
Percent of People with Each Score
Percentile by Number Answered
Your Score History
You have not taken this quiz since the last reset